|
|
|
|
| LEADER |
00739nab a2200193 i 4500 |
| 001 |
publ1074 |
| 005 |
20180703154056.0 |
| 008 |
120814s2010 hu o 0|| zxx d |
| 022 |
|
|
|a 0025-0260
|
| 024 |
7 |
|
|a 1805736
|2 mtmt
|
| 040 |
|
|
|a SZTE Publicatio Repozitórium
|b hun
|
| 041 |
|
|
|a zxx
|
| 100 |
1 |
|
|a Bereczky Krisztina
|
| 245 |
1 |
0 |
|a Pedagógusok nézeteinek és tapasztalatainak vizsgálata egy deszegregációs intézkedéssel összefüggésben
|h [elektronikus dokumentum] /
|c Bereczky Krisztina
|
| 260 |
|
|
|a Magyar Tudományos Akadémia
|c 2010
|
| 300 |
|
|
|a 329-354
|
| 490 |
0 |
|
|a Magyar Pedagógia
|v 110 No. 4
|
| 700 |
0 |
1 |
|a Fejes József Balázs
|e aut
|
| 856 |
4 |
0 |
|u http://publicatio.bibl.u-szeged.hu/1074/1/Bereczky_Fejes_MP1104.pdf
|z Dokumentum-elérés
|